000 00650cab a2200205 4500
001 ABS41549
008 090401t1989 xxu||||| |||| 00| 0 eng d
035 _a(Sirsi) u30862
041 _aeng
100 _aWalford, J.
245 _aTaking the gamble out of personal pensions
260 _c1989
350 _a0
490 _aMoney Management
_vOctober 1989, 33-49(14)
520 _aComprehensive survey of personal pensions summarising recent legislation and giving full tables of results and projections to help choose a relevant scheme.
650 _aPENSION SCHEMES
690 _aECONOMIC AND SOCIAL
942 _n0
948 _c04/03/1997
999 _c20785
_d20785